Top 30 : L2B - Statistiques

Statistiques générales
  • Ce quiz a été pris 398 fois
  • Le résultat moyen est 14 sur 30
Statistiques - réponses
Top Titres Featuring % Correct
7 Tour du monde Soolking
87%
1 Pélican
85%
8 Overbooking KLN
79%
15 Jump iDS, La Mano 1.9
76%
21 Flying Blue La Fouine
75%
14 Tendance KLN, Niska
71%
5 Amis d'enfance Rsko
70%
13 C'est Quoi Ton Délire D2, KeBlack, Genezio
67%
4 Tout Pour L'équipe
67%
11 Dans La Chambre / Money Franglish
62%
19 David Douillet iDS, SDM
61%
16 Mode avion DJ Kawest
61%
3 Movie
61%
22 Congolaise Gradur
56%
12 Money Franglish
56%
17 Billionaire
50%
23 GOAT KLN
45%
10 La Zone
44%
9 Seleção La Fouine
42%
30 Cama/Sosa iDS
38%
2 Bitume
37%
28 Point G
26%
18 Boom !
22%
6 Trahison
22%
26 Cartel de Cali
17%
20 Touché Coulé
17%
27 Tourner en Rond
16%
25 Noir
15%
24 5 Étoiles
9%
29 Elle & Moi
2%
Aucun quiz correspondant
Distribution des résultats
% des personnes avec chaque résultat
Percentile par nombre de réponses
Votre historique - résultats
Vous n’avez pas pris ce quiz